01470nam a22003377i 4500003000900000005001700009008004100026040004600067041000800113082002600121092000700147099003400154100004000188245009800228264008700326300002900413336002200442337002400464338003300488500010900521504006100630546004100691650007900732650002400811651001000835856005700845905001600902942001900918999001700937952017800954EG-GICUC20260121101451.0251211s1971 ua ||||fr|||| 00| 0 ara d a EG-GICUCbarac EG-GICUCd EG-GICUCerda aara04221a341.2bع ا . ق04221 aLaw1 11 341.2 ع ا . ق 19710 aعائشة راتب eمؤلف.10aقرار مجلس الامن الصادر في 22 نوفمبر 1967 /cعائشة راتب. 1aالقاهرة :bالمجلة المصرية للقانون الدولي،c1971. a18 صفحة ؛c24 سم. 2rda contentatext 2rda mediaaComputer 2rda carrieraOnline Resource aمستخرج من المجلة المصرية للقانون الدولي - العدد 27 - سنة 1971. aيحتوي على ارجاعات ببليوجرافية  aالنص باللغة العربية14aالمجتمع الدولىxالقانون الدولى العام2qrmak14aمجلس الامن1 2qrmak40uhttps://fll.law.cu.edu.eg/fulltext/bks/B11-05428.pdf a75eHassnaa 2ddccBKe21n0 c49780d49780 00102ddc40718القانون الدولي العامaCUbLAW1d2025-12-11l0oLaw1 11 341.2 ع ا . ق 1971 1105428 C1pB11-05428r2025-12-11 10:36:42t1w2025-12-11yBK